000 00397nam a22001697a 4500
005 20160628164638.0
008 160628b xxu||||| |||| 00| 0 eng d
020 _a81-225-0188-3
041 _aeng
082 _b10959
100 _aKelleghan, Kovin M
_92998
245 _aSupervisory Shills
260 _bsurjeet Publications
_c2005
300 _a191
650 _aManagement
_9241
942 _cBK
999 _c4562
_d4560